[Event "Challenge"]
[Site "http://www.queenalice.com/game.php?id=218066"]
[Date "2007.5.29"]
[Round "-"]
[White "erichans"]
[Black "bonzinho"]
[Result "1-0"]
[WhiteElo "1859"]
[BlackElo "1359"]

1. e4 d5 2. exd5 Qxd5 3. Nc3 Qe5+ 4. Be2 Nc6 5. Nf3 Qf5 6. d4 Nf6 7. O-O e6 8.
Bd3 Qa5 9. Bf4 Bd6 10. Qd2 O-O 11. a3 Nh5 12. Be3 e5 13. b4 Qb6 14. dxe5 Nd4 15.
Bxd4 Qc6 16. exd6 Qxd6 17. Bc5 Qd8 18. Bxf8 Qxf8 19. Qg5 g6 20. Ne4 Bf5 21. Rfe1
h6 22. Qe3 Qg7 23. Rad1 Nf6 24. Nxf6+ Qxf6 25. Bxf5 Qxf5 26. Qxh6 Qh5 27. Qxh5
gxh5 28. Rd7 Kf8 29. Ree7 Re8 30. Rxf7+ Kg8 31. Rg7+ Kh8 32. Kf1 Rg8 33. Rh7#
1-0

[Event "Challenge"]
[Site "http://www.queenalice.com/game.php?id=219220"]
[Date "2007.6.1"]
[Round "-"]
[White "h20"]
[Black "erichans"]
[Result "0-1"]
[WhiteElo "1465"]
[BlackElo "1917"]

1. d4 e6 2. e4 d5 3. f3 dxe4 4. fxe4 Qh4+ 5. g3 Qxe4+ 6. Qe2 Qxh1 7. Nf3 b6 8.
Qg2 Qxg2 9. Bxg2 Bb7 10. Nc3 Bb4 11. Bd2 Nf6 12. O-O-O Nbd7 13. Ne1 Bxg2 14.
Nxg2 O-O-O 15. a3 Bxc3 16. Bxc3 Nd5 17. Be1 N7f6 18. h3 Rhe8 19. c4 Ne7 20. Ne3
Nf5 21. Nc2 c5 22. Rd3 Nxd4 0-1

[Event "Challenge"]
[Site "http://www.queenalice.com/game.php?id=224226"]
[Date "2007.6.13"]
[Round "-"]
[White "Nyvang"]
[Black "erichans"]
[Result "0-1"]
[WhiteElo "1775"]
[BlackElo "1896"]

1. e4 c5 2. Bc4 e6 3. Nf3 d5 4. exd5 exd5 5. Bb5+ Nc6 6. O-O Bd6 7. d4 Nf6 8. h3
O-O 9. Bxc6 bxc6 10. Re1 cxd4 11. Qxd4 Ne4 12. Nc3 Bc5 13. Qa4 Bxf2+ 14. Kf1
Nxc3 15. Qxc6 Bxe1 16. Nxe1 Ne4 17. c4 Be6 18. cxd5 Bxd5 19. Qc2 Qb6 20. b3 Ng3#
0-1

[Event "Challenge"]
[Site "http://www.queenalice.com/game.php?id=229306"]
[Date "2007.6.22"]
[Round "-"]
[White "Nyvang"]
[Black "erichans"]
[Result "0-1"]
[WhiteElo "1759"]
[BlackElo "1907"]

1. g3 e5 2. Bg2 d5 3. b3 c6 4. Bb2 Bd6 5. Nh3 Nf6 6. d4 exd4 7. Qxd4 O-O 8. Nc3
Re8 9. O-O-O Na6 10. Qh4 Qa5 11. e4 Be5 12. Na4 b5 13. Bxe5 Rxe5 14. Nc3 Qxc3
15. Kb1 Bxh3 16. Bxh3 Nb4 17. Rc1 Nxe4 0-1

[Event "AUTO-OPEN-627"]
[Site "http://www.queenalice.com/game.php?id=273191"]
[Date "2007.9.18"]
[Round "2"]
[White "Guilherme_Ottoni"]
[Black "erichans"]
[Result "0-1"]
[WhiteElo "1872"]
[BlackElo "1923"]

1. e4 c5 2. f4 d5 3. exd5 Nf6 4. c4 e6 5. d4 exd5 6. Nf3 cxd4 7. Nxd4 dxc4 8.
Bxc4 Bb4+ 9. Nc3 O-O 10. O-O Bc5 11. Ne2 Nc6 12. Be3 Ng4 13. Qb3 Nxd4 14. Nxd4
Nxe3 15. Kh1 Qxd4 0-1

[Event "AUTO-OPEN-627"]
[Site "http://www.queenalice.com/game.php?id=273192"]
[Date "2007.9.18"]
[Round "2"]
[White "erichans"]
[Black "Guilherme_Ottoni"]
[Result "1-0"]
[WhiteElo "1937"]
[BlackElo "1846"]

1. d4 f5 2. c4 Nf6 3. g3 g6 4. Nf3 Bg7 5. Bg2 d6 6. O-O O-O 7. Nc3 Qe8 8. Qb3
Na6 9. Bg5 c5 10. Rad1 Bd7 11. Qxb7 Nb4 12. dxc5 Rb8 13. Qxa7 Nc6 14. Qa3 Ra8
15. Qb3 dxc5 16. Be3 Na5 17. Qc2 Qc8 18. Ne5 Be6 19. Bxa8 Qxa8 20. Bxc5 Re8 21.
b3 Nh5 22. Bd4 Bxe5 23. Bxe5 Nc6 24. Bf4 Nxf4 25. gxf4 Nb4 26. Qd2 Qc6 27. Nb5
Na6 28. Nd4 1-0

[Event "AUTO-OPEN-627"]
[Site "http://www.queenalice.com/game.php?id=273197"]
[Date "2007.9.18"]
[Round "2"]
[White "erichans"]
[Black "Tweetie"]
[Result "1-0"]
[WhiteElo "1957"]
[BlackElo "1819"]

1. d4 d5 2. c4 Nf6 3. cxd5 Nxd5 4. Nf3 Bf5 5. Qb3 e6 6. Nc3 b6 7. e4 Nxc3 8.
exf5 Nd5 9. Bd2 Bd6 10. Bc4 c6 11. fxe6 fxe6 12. Ng5 Qe7 13. O-O O-O 14. Rae1
Rf6 15. Nxe6 Rxe6 16. Bxd5 cxd5 17. Qxd5 1-0

[Event "AUTO-OPEN-627"]
[Site "http://www.queenalice.com/game.php?id=273198"]
[Date "2007.9.18"]
[Round "2"]
[White "Tweetie"]
[Black "erichans"]
[Result "0-1"]
[WhiteElo "1876"]
[BlackElo "1975"]

1. e4 c5 2. Nf3 Nc6 3. d4 cxd4 4. Nxd4 g6 5. Nxc6 bxc6 6. Qd4 Nf6 7. e5 Nd5 8.
e6 f6 9. exd7+ Bxd7 10. c3 e5 11. Qd1 Bf5 12. g4 Be6 13. Bg2 Qd7 14. h3 O-O-O
15. Qa4 Kb7 16. Nd2 Nb6 17. Qa5 Bh6 18. O-O Bxd2 19. Rd1 Nc4 20. Qb4+ Kc8 21. b3
Bxc3 22. Qxc3 Qxd1+ 23. Kh2 Rd3 24. Qb4 h5 25. bxc4 hxg4 26. Rb1 Rdxh3+ 27. Bxh3
Rxh3+ 0-1

[Event "AUTO-INT-420"]
[Site "http://www.queenalice.com/game.php?id=292802"]
[Date "2007.10.25"]
[Round "2"]
[White "od_xavier"]
[Black "erichans"]
[Result "0-1"]
[WhiteElo "1619"]
[BlackElo "1973"]

1. e4 c5 2. Nf3 Nc6 3. Nc3 g6 4. Bc4 Bg7 5. O-O d6 6. h3 Nf6 7. d3 O-O 8. Bg5
Na5 9. b3 h6 10. Bxf6 Bxf6 11. Nd5 Bxa1 12. Qxa1 Bd7 13. e5 Bc6 14. exd6 Qxd6
15. Re1 Bxd5 16. Bxd5 Qxd5 17. Re5 Qd6 18. b4 Nc6 19. bxc5 Qf6 20. d4 Nxe5 21.
dxe5 Qa6 22. Qd4 Qxa2 23. e6 Qxe6 24. c4 Rfd8 25. Qh4 g5 26. Nxg5 hxg5 27. Qxg5+
Kf8 28. h4 Rd1+ 29. Kh2 Qxc4 30. h5 Rd5 31. Qh6+ Kg8 32. f3 Qh4+ 33. Kg1 Rd1#
0-1

[Event "AUTO-INT-420"]
[Site "http://www.queenalice.com/game.php?id=292803"]
[Date "2007.10.25"]
[Round "2"]
[White "erichans"]
[Black "od_xavier"]
[Result "1-0"]
[WhiteElo "1971"]
[BlackElo "1630"]

1. e4 e5 2. Nf3 Nc6 3. Bb5 Nf6 4. O-O Nxe4 5. d4 a6 6. Bxc6 bxc6 7. Nxe5 Bb7 8.
Re1 c5 9. d5 Nf6 10. Nc6+ Be7 11. Nxd8 Rxd8 12. Bg5 O-O 13. Rxe7 Nxd5 14. Nc3
Nxe7 15. Bxe7 Rfe8 16. Bxd8 Rxd8 17. Qe2 c6 18. Re1 h6 19. Qe7 Rf8 20. Ne4 Bc8
21. Nf6+ gxf6 22. Re3 d5 23. Rg3+ Kh7 24. Qxf6 Rg8 25. Qxf7+ Kh8 26. Rxg8# 1-0

[Event "AUTO-INT-420"]
[Site "http://www.queenalice.com/game.php?id=292808"]
[Date "2007.10.25"]
[Round "2"]
[White "erichans"]
[Black "spawnwolfwolverine"]
[Result "1-0"]
[WhiteElo "1967"]
[BlackElo "1597"]

1. e4 e5 2. Nf3 d6 3. d4 exd4 4. Nxd4 Be7 5. Nc3 Bf6 6. Nd5 Bxd4 7. Qxd4 f6 8.
Be2 Nc6 9. Qc4 Be6 10. Nxc7+ Qxc7 11. Qxe6+ Qe7 12. Qc4 O-O-O 13. O-O Nh6 14. b4
Kd7 15. b5 Ne5 16. Qa4 Ke8 17. b6+ Nd7 18. bxa7 Kf7 19. Bc4+ Kg6 20. Qb3 Nc5 21.
Qg3+ Kh5 22. Be2+ Ng4 23. Qxg4# 1-0

[Event "AUTO-INT-420"]
[Site "http://www.queenalice.com/game.php?id=292809"]
[Date "2007.10.25"]
[Round "2"]
[White "spawnwolfwolverine"]
[Black "erichans"]
[Result "0-1"]
[WhiteElo "1595"]
[BlackElo "1969"]

1. c4 e5 2. d3 Nf6 3. e4 Bc5 4. Bg5 Nc6 5. Nf3 h6 6. Bh4 d6 7. Be2 g5 8. Bg3 Be6
9. O-O h5 10. h3 g4 11. Nh4 gxh3 12. Nf5 Bxf5 13. exf5 Rg8 14. gxh3 Rxg3+ 15.
Kh2 Rg5 16. Rg1 Rxg1 17. Kxg1 Qd7 18. Bxh5 Qxf5 19. Bf3 Ke7 20. Nd2 Rg8+ 21. Kf1
Qxh3+ 22. Ke2 Nd4+ 23. Ke3 Qh6# 0-1

[Event "AUTO-INT-420"]
[Site "http://www.queenalice.com/game.php?id=326593"]
[Date "2007.12.27"]
[Round "3"]
[White "erichans"]
[Black "Quaff"]
[Result "1-0"]
[WhiteElo "1995"]
[BlackElo "1767"]

1. d4 c5 2. d5 d6 3. c4 e5 4. e4 h6 5. Nc3 Ne7 6. Nf3 Bg4 7. Be2 Ng6 8. Nxe5
Bxe2 9. Qa4+ Nd7 10. Nxg6 fxg6 11. Nxe2 Be7 12. Nf4 Kf7 13. O-O Nb6 14. Qc2 Qe8
15. e5 dxe5 16. Nxg6 Bf6 17. Nxh8+ Qxh8 18. a4 a5 19. Ra3 Qd8 20. Rg3 g5 21.
Qh7+ Ke8 22. f4 Qe7 23. Qg6+ Kd7 24. fxg5 1-0

[Event "AUTO-INT-420"]
[Site "http://www.queenalice.com/game.php?id=326594"]
[Date "2007.12.27"]
[Round "3"]
[White "Quaff"]
[Black "erichans"]
[Result "0-1"]
[WhiteElo "1778"]
[BlackElo "1987"]

1. e4 c5 2. Nf3 d6 3. Na3 Nf6 4. d3 Nc6 5. Be2 e5 6. h3 Be7 7. Bg5 d5 8. exd5
Nxd5 9. Bxe7 Qxe7 10. O-O O-O 11. Nh2 Nf4 12. Bf3 Nd4 13. c3 Nxf3+ 14. Qxf3 Be6
15. Qe3 Qg5 16. g4 Qh4 17. Qxe5 Nxh3+ 18. Kg2 Bd5+ 19. f3 Rfe8 20. Qh5 Re2+ 21.
Kh1 Qg3 0-1

[Event "AUTO-ADV-467"]
[Site "http://www.queenalice.com/game.php?id=350811"]
[Date "2008.2.8"]
[Round "2"]
[White "sutra"]
[Black "erichans"]
[Result "0-1"]
[WhiteElo "1872"]
[BlackElo "2013"]

1. d4 Nf6 2. c4 e6 3. Nc3 Bb4 4. e3 O-O 5. Ne2 d5 6. a3 Be7 7. cxd5 exd5 8. Nf4
Re8 9. Be2 c6 10. O-O Bd6 11. Qc2 Nbd7 12. Bd2 Nb6 13. b3 a5 14. Bd3 a4 15. Nxa4
Nxa4 16. bxa4 Ne4 17. Bb4 Bxf4 18. exf4 Qf6 19. Qb2 b6 20. Rfe1 Bd7 0-1

[Event "AUTO-ADV-467"]
[Site "http://www.queenalice.com/game.php?id=350812"]
[Date "2008.2.8"]
[Round "2"]
[White "erichans"]
[Black "sutra"]
[Result "1-0"]
[WhiteElo "2002"]
[BlackElo "1883"]

1. d4 d5 2. c4 dxc4 3. Nf3 a6 4. e3 b5 5. a4 Bb7 6. b3 Nd7 7. bxc4 b4 8. c5 e5
9. Qb3 Bxf3 10. gxf3 Qf6 11. Bb2 Qxf3 12. Rg1 exd4 13. Bg2 Qg4 14. h3 Qg6 15.
exd4 a5 16. Nd2 Ne7 17. O-O-O Rd8 18. Qe3 Qa6 19. d5 f6 20. Bf1 Qa7 21. Bb5 1-0

[Event "AUTO-OPEN-627"]
[Site "http://www.queenalice.com/game.php?id=356617"]
[Date "2008.2.18"]
[Round "3"]
[White "erichans"]
[Black "schwam"]
[Result "1-0"]
[WhiteElo "2051"]
[BlackElo "2068"]

1. e4 e5 2. Nf3 Nc6 3. Bb5 a6 4. Ba4 Nf6 5. O-O Be7 6. Re1 b5 7. Bb3 O-O 8. c3
d6 9. h3 Na5 10. Bc2 c5 11. d4 Qc7 12. d5 Nc4 13. a4 Bd7 14. b3 Nb6 15. a5 Nc8
16. c4 Ne8 17. Nc3 g6 18. Bh6 Ng7 19. Qd2 f6 20. Ne2 bxc4 21. bxc4 Rb8 22. Ng3
Rf7 23. Qc3 f5 24. Ng5 Bxg5 25. Bxg5 f4 26. Nf1 Nh5 27. Nd2 Kg7 28. Bh4 h6 29.
f3 g5 30. Bf2 Ne7 31. Nb3 Ng6 32. Reb1 Rff8 33. Nc1 Nf6 34. Qa3 h5 35. Rb6 Rxb6
36. axb6 Qxb6 37. Qxa6 Qb2 38. Qa2 Rb8 39. Nd3 Qxa2 40. Rxa2 Kf7 41. Ra7 Ke8 42.
Be1 g4 43. Kf2 Kf8 44. Ba5 Ke7 45. Ba4 Rb1 46. hxg4 hxg4 47. Ke2 g3 48. Ne1 Nh4
49. Bc6 Rb3 50. Bd2 Ng6 51. Kd1 Rb8 52. Ba5 Ke8 53. Bc7 Rb1+ 54. Kd2 Rb2+ 55.
Kc1 Rb4 56. Bxd6 Rxc4+ 57. Nc2 Rc3 58. Kd2 Rb3 59. Bxc5 Ne7 60. Ba4 Rb1 61. Na3
Ra1 62. Kc3 Nexd5+ 63. exd5 Bxa4 64. Rxa4 Nxd5+ 65. Kb3 Kd7 66. Re4 Kc6 67. Ba7
Rd1 68. Nc4 Rb1+ 69. Kc2 Rf1 70. Rxe5 Ra1 71. Re6+ Kb5 72. Bd4 Ra4 73. Nd6+ Kc6
74. Nf5+ 1-0

[Event "AUTO-OPEN-627"]
[Site "http://www.queenalice.com/game.php?id=356618"]
[Date "2008.2.18"]
[Round "3"]
[White "schwam"]
[Black "erichans"]
[Result "1-0"]
[WhiteElo "2049"]
[BlackElo "2066"]

1. e4 c5 2. Nf3 d6 3. d4 cxd4 4. Nxd4 Nf6 5. Nc3 g6 6. Be3 Bg7 7. f3 Nc6 8. Qd2
O-O 9. O-O-O d5 10. exd5 Nxd5 11. Nxc6 bxc6 12. Bd4 Bxd4 13. Qxd4 Qb6 14. Nxd5
cxd5 15. Qxd5 Be6 16. Qb5 Qc7 17. Qa4 Rab8 18. Bd3 Rfc8 19. Qa3 Rb5 20. b3 Rg5
21. g3 Rd5 22. Kb1 Rd6 23. Qb2 Rcd8 24. Qe5 a5 25. h4 R8d7 26. Rd2 a4 27. h5 f6
28. Qb2 g5 29. Rhd1 Qb6 30. bxa4 Qe3 31. Qb4 Qxf3 32. Be4 Qxd1+ 33. Rxd1 Rxd1+
34. Kb2 R1d6 35. Bd3 Bd5 36. Bb5 Rc7 37. c4 Bf3 38. c5 Rd8 39. h6 Kf8 40. Qa3
Bc6 41. Qb4 Rb7 42. Kc3 Bg2 43. Qg4 Bd5 44. Qf5 Bg8 45. c6 Rc7 46. a5 Rd5 47.
Qb1 Be6 48. Kb4 Bf5 49. Qg1 Rd2 50. Qb6 Rc8 51. a6 Rb2+ 52. Ka3 Rg2 53. Qb7
Rxg3+ 54. Ka4 Rg2 55. a3 Rg4+ 56. Ka5 Rg3 57. a4 Kf7 58. a7 1-0

[Event "Challenge"]
[Site "http://www.queenalice.com/game.php?id=449181"]
[Date "2008.8.16"]
[Round "-"]
[White "gamnascimento"]
[Black "erichans"]
[Result "0-1"]
[WhiteElo "1231"]
[BlackElo "2049"]

1. e3 d5 2. Bb5+ c6 3. Be2 e5 4. Nf3 e4 5. Nd4 Nf6 6. c4 c5 7. Qa4+ Bd7 8. Qb3
cxd4 9. Qxb7 Nc6 10. cxd5 Nxd5 11. Bb5 Rb8 12. Qa6 Ncb4 13. Bxd7+ Qxd7 14. Qc4
Rc8 15. Qxd4 Nc2+ 16. Kd1 Nxd4 17. exd4 Qa4+ 18. b3 Qxd4 19. Re1 Qxa1 20. Rxe4+
Kd7 21. Rc4 Qxb1 22. Rxc8 Kxc8 23. a3 Bxa3 24. f4 Nxf4 25. g3 Qxc1# 0-1